000 01775nam a22001577a 4500
041 _aukr
080 _a09
090 _bБОР
100 _aБорецька В.Ф.
245 _aСоціолінгвістичні особливості вживання висловлень-вибачень та висловлень-подяки в українському та американському діалогічному мовленні
260 _aОстрог
_bКАФ
_c2010
300 _a56
520 _aВСТУП РОЗДІЛ 1 ВИБАЧЕННЯ ТА ПОДЯКА ЯК РІЗНОВИД ІЛЛОКУТИВНОГО АКТУ 1.1 Мовленнєвий акт. 1.2 Мовленнєвий етикет та роль висловлень-вибачень та висловлень-подяки у ньому. 1.3 Вибачення та подяка як види пояснювально-ототожнювальних висловлень. РОЗДІЛ 2 ТИПОЛОГІЯ ВИСЛОВЛЕНЬ-ВИБАЧЕНЬ ТА ВИСЛОВЛЕНЬ-ПОДЯКИ В УКРАЇНСЬКІЙ ТА АМЕРИКАНСЬКІЙ МОВАХ 2.1 Стратегії та формули вибачень в українській та американській мовах. 2.2 Висловлення-подяки в українському та американському діалогічному мовленні. РОЗДІЛ 3 ПОРІВНЯЛЬНА ХАРАКТЕРИСТИКА ЧАСТОТИ ТА ОСОБЛИВОСТЕЙ ВЖИВАННЯ ВИСЛОВЛЕНЬ-ЕКСПРЕСИВІВ У МОВЛЕННІ УКРАЇНЦІВ ТА АМЕРИКАНЦІВ ВИСНОВКИ
_0вибачення, подяка, іллокутивний акт,
650 _aResearch Papers
999 _c284217
_d284217
942 _cBK